Tree root subsidence after Delaware Mansions (Record no. 69481)
[ view plain ]
| 000 -LEADER | |
|---|---|
| fixed length control field | 01448cam a2200253 4500 |
| 001 - CONTROL NUMBER | |
| control field | ABS65067 |
| 008 - FIXED-LENGTH DATA ELEMENTS--GENERAL INFORMATION | |
| fixed length control field | 020208n2001 000 0 eng u |
| 035 ## - SYSTEM CONTROL NUMBER | |
| System control number | (Sirsi) u116669 |
| 100 ## - MAIN ENTRY--PERSONAL NAME | |
| Personal name | Wignall, G |
| 245 ## - TITLE STATEMENT | |
| Title | Tree root subsidence after Delaware Mansions |
| 260 ## - PUBLICATION, DISTRIBUTION, ETC. | |
| Date of publication, distribution, etc. | 2001 |
| 490 ## - SERIES STATEMENT | |
| Series statement | Solicitors' Journal |
| Volume/sequential designation | 145(47) 14 December 2001, 1148-1149(2) |
| 520 ## - SUMMARY, ETC. | |
| Summary, etc. | Examines the consequences of the recent "Delaware Mansions v Westminster CC" decision concerning liability of tree owners for property damage caused by their trees. The HL upheld the new owners' claim for root damage despite English law generally not allowing a person to recover damages for loss that has been incurred by someone else. HL applied the rule established by " Sedleigh-Denfield v O'Callaghan" (1940) that a landowner on whose land a hazard arises is under a duty of care to take such steps as are reasonable to ensure his neighbour does not sustain damage. Full copy of HL judgement available on http://www.parliament.the-stationery-office.co.uk/pa/ld200102/ldjudgmt/jd011025/dela-1.htm. |
| 590 ## - LOCAL NOTE (RLIN) | |
| Local note | ABS |
| 650 ## - SUBJECT ADDED ENTRY--TOPICAL TERM | |
| Topical term or geographic name entry element | DELAWARE MANSIONS AND FLECKSUN V WESTMINSTER CC |
| 650 ## - SUBJECT ADDED ENTRY--TOPICAL TERM | |
| Topical term or geographic name entry element | TREE ROOT SUBSIDENCE |
| 650 ## - SUBJECT ADDED ENTRY--TOPICAL TERM | |
| Topical term or geographic name entry element | LANDOWNERS |
| 650 ## - SUBJECT ADDED ENTRY--TOPICAL TERM | |
| Topical term or geographic name entry element | LIABILITY |
| 650 ## - SUBJECT ADDED ENTRY--TOPICAL TERM | |
| Topical term or geographic name entry element | DUTY OF CARE |
| 650 ## - SUBJECT ADDED ENTRY--TOPICAL TERM | |
| Topical term or geographic name entry element | TREE ROOTS |
| 690 ## - LOCAL SUBJECT ADDED ENTRY--TOPICAL TERM (OCLC, RLIN) | |
| Topical term or geographic name as entry element | PROPERTY |
| 856 ## - ELECTRONIC LOCATION AND ACCESS | |
| Uniform Resource Identifier | <a href="https://www.parliament.the-stationery-office.co.uk/pa/ld200102/ldjudgmt/jd011025/dela-1.htm">https://www.parliament.the-stationery-office.co.uk/pa/ld200102/ldjudgmt/jd011025/dela-1.htm</a> |
| 942 ## - ADDED ENTRY ELEMENTS (KOHA) | |
| Suppress in OPAC | 0 |
| Withdrawn status | Lost status | Source of classification or shelving scheme | Damaged status | Not for loan | Home library | Current library | Shelving location | Date acquired | Total Checkouts | Full call number | Barcode | Date last seen | Copy number | Price effective from | Koha item type |
|---|---|---|---|---|---|---|---|---|---|---|---|---|---|---|---|
| Dewey Decimal Classification | London | London | Journal article | 08/02/2002 | ABS65067 | 116669-1001 | 06/08/2019 | 1 | 06/08/2019 | Journal article |